Les catcheurs non americains à la WWE - Statistiques

Statistiques générales
  • Ce quiz a été pris 256 fois
  • Le résultat moyen est 21 sur 62
Statistiques - réponses
Hint Réponse % Correct
Asie Japon SD Shinsuke Nakamura
83%
Asie Japon RAW Asuka
80%
Europe Autriche RAW Gunther
80%
Europe Irlande RAW Sheamus
78%
Europe Ecosse SD Drew Mcintyre
72%
Asie Japon RAW IYO SKY
71%
Océanie Nouvelle Zelande RAW Dakota Kai
69%
Amérique Canada SD Kevin Owens
67%
Amérique Canada RAW Sami Zayn
66%
Europe Allemagne RAW Ludwig Kaiser
64%
Océanie Australie RAW Rhea Ripley
63%
Amérique Mexique RAW Penta
60%
Europe Irlande RAW Finn Balor
57%
Asie Japon RAW Kairi Sane
57%
Afrique Ghana RAW Kofi Kingston
57%
Europe Irlande Libre Becky Lynch
54%
Océanie Tonga SD Tama Tonga
54%
Océanie Tonga SD Tonga Loa
51%
Asie Japon RAW Akira Tozawa
48%
Europe Russie RAW Ilja Dragunov
48%
Amérique Mexique SD Santos Escobar
47%
Afrique Nigeria NXT Oba Femi
46%
Amérique Porto Rico RAW Carlito
43%
Afrique Nigeria Libre Omos
42%
Amérique Mexique SD Andrade
39%
Europe Angleterre RAW Pete Dunne
39%
Amérique Chili NXT Stéphanie Vaquer
37%
Asie Japon (Angleterre) NXT Giulia
35%
Amérique Mexique RAW Dragon Lee
34%
Océanie Australie RAW Grayson Waller
34%
Europe Espagne NXT Axiom
31%
Amérique Mexique SD Angel
30%
Amérique Canada SD Chelsea Green
29%
Europe Irlande RAW JD McDonagh
29%
Europe Ecosse SD Piper Niven
29%
Amérique Mexique SD Berto
28%
Océanie Australie RAW Bronson Reed
27%
Europe Irlande RAW Lyra Valkyria
27%
Amérique Mexique RAW Cruz Del Toro
26%
Amérique Canada RAW Natalya
24%
Europe Ecosse RAW Alba Fyre
22%
Europe Angleterre RAW Tyler Bate
21%
Europe Angleterre NXT Nathan Frazer
17%
Amérique Canada NXT Ethan Page
14%
Europe Angleterre NXT Ridge Holland
12%
Europe Ecosse SD Nikki Cross
10%
Asie Singapour NXT Dante Chen
9%
Océanie Tonga Libre Hikuleo
8%
Europe Angleterre SD Kit Wilson
8%
Europe Angleterre SD Elton Prince
7%
Asie Chine NXT Wendy Choo
7%
Europe Angleterre NXT Charlie Dempsey
6%
Europe Ecosse NXT Joe Coffey
6%
Europe Bosnie NXT Karmen Petrovic
6%
Europe Ecosse NXT Mark Coffey
6%
Europe Ecosse NXT Noam Dar
6%
Europe Suisse NXT Oro Mensah
6%
Europe Ecosse NXT Wolfgang
5%
Océanie Australie NXT Zaria
4%
Amérique Canada NXT Shawn Spears
3%
Europe Angleterre NXT Hank Walker
1%
Asie Japon NXT Meiko Satomura
1%
Aucun quiz correspondant
Distribution des résultats
% des personnes avec chaque résultat
Percentile par nombre de réponses
Votre historique - résultats
Vous n’avez pas pris ce quiz